000 00383nam a2200145 i 4500
001 23469
003 ES-MaACL
005 20230906152857.0
007 t|
008 021210s1897 sp ||||1| spa d
100 1 _aInsĂșa, Waldo A.
_965348
245 1 3 _aEl problema cubano /
_cWaldo Alvarez Insua.
260 _aMadrid :
_bAsilo de Huérfanos,
_c1897.
852 _aES-MaACL
_jT-980-F-3
999 _c23469
_d23469